UM Logo

Magnus chase and the gods of asgard (Record no. 11811)

MARC details
000 -LEADER
fixed length control field 01452nam a22001577a 4500
008 - FIXED-LENGTH DATA ELEMENTS--GENERAL INFORMATION
fixed length control field 190107b ||||| |||| 00| 0 eng d
020 ## - INTERNATIONAL STANDARD BOOK NUMBER
International Standard Book Number 978-136800030-7
082 ## - DEWEY DECIMAL CLASSIFICATION NUMBER
Edition number ©2016
Classification number DFic
Item number R479
100 ## - MAIN ENTRY--PERSONAL NAME
Personal name Riordan, Rick
9 (RLIN) 17672
245 ## - TITLE STATEMENT
Title Magnus chase and the gods of asgard
Remainder of title The hammer of Thor
Statement of responsibility, etc. Rick Riordan
260 ## - PUBLICATION, DISTRIBUTION, ETC. (IMPRINT)
Place of publication, distribution, etc. Los Angeles
Name of publisher, distributor, etc. Disney Hyperion
Date of publication, distribution, etc. ©2016
300 ## - PHYSICAL DESCRIPTION
Extent vii, 468 pages. ;
Dimensions 22 cm.
520 ## - SUMMARY, ETC.
Summary, etc. "Magnus Chase, you nearly started Ragnarok. what are you going to do next?"<br/><br/>It's been six week since Magnus and his friends returned from defeating Fenris Wolf and the fire giants. Magnus has adjusted to life at the Hotel Valhalla-ously alive kid can. as a son of Frey, the Magnus doesn't exactly fit in with the rest of Odin's chosen warriors, but he has on floor nineteen, and he's ben dutifully training for Ragnarok along with everyone else. His days have settles into a new kind of normal.<br/><br/>But Magnus should have known there's no such thing as normal in the Nine worlds. His friends Hearthstone and Blitzen have disappeared. A new hallmate is creating chaos. According to a very nervous goat, a certain object belonging to Thor is still messing, and the thunder god's enemies will stop at nothing to gain control of it.<br/><br/>Time to summon Jack, the Sword of Summer, and take action. Too bad the only action Jack seems to be interested in is dates with other magical weapons...
365 ## - TRADE PRICE
Price amount 190.00
Currency code Php.
942 ## - ADDED ENTRY ELEMENTS (KOHA)
Source of classification or shelving scheme Dewey Decimal Classification
Koha item type Fiction
Holdings
Withdrawn status Lost status Source of classification or shelving scheme Damaged status Not for loan Collection code Home library Current library Shelving location Source of acquisition Cost, normal purchase price Total Checkouts Full call number Barcode Date last seen Date last checked out Copy number Price effective from Koha item type
    Dewey Decimal Classification     Fiction UM Digos College - LIC UM Digos College - LIC Book Cart purchase 190.00 8 DFic R479 2016 25383 05/15/2025 04/29/2024 1 01/07/2019 Fiction